[Event "FIDE Chesscom Grand Swiss 2019"]
[Site "Douglas-Isle of Man"]
[Date "2019.10.18"]
[Round "8.16"]
[White "Gukesh D"]
[Black "Zvjaginsev, Vadim"]
[Result "1-0"]
[WhiteElo "2520"]
[BlackElo "2644"]
[Annotator "TA"]
[PlyCount "93"]
[EventDate "2019.10.10"]
[EventType "swiss"]
[EventCountry "GBR"]
[SourceTitle "playchess.com"]
[Source "ChessBase"]
[SourceQuality "1"]

{[%evp 9,93,72,83,79,88,82,101,92,177,158,158,140,150,141,145,171,184,160,175,191,140,135,129,100,146,140,140,140,183,179,193,197,201,185,187,143,167,118,234,227,228,231,294,288,386,394,387,378,375,397,398,402,410,393,336,406,396,394,384,375,416,0,481,291,269,274,287,285,619,602,606,409,553,518,735,614,912,922,889,858,823,799,1206,1199,887,792]} 1. e4 d6 2. d4 Nf6 3. Nc3 g6 4. Be3 Nc6 (4... a6 5. h3 e6 6. Bd3 Nbd7 7. Nf3 b5 8. e5 b4 9. Ne4 Nxe4 10. Bxe4 d5 11. Bd3 c5 12. c3 bxc3 13. bxc3 {1-0 (35) Shankland,S (2725)-Nepomniachtchi,I (2763) Wijk aan Zee 2019}) 5. Qd2 Ng4 6. Bg5 {B07: Pirc Defence: Miscellaneous Systems} f6 $146 {[#]} ({Predecessor:} 6... h6 7. Bh4 g5 8. Bg3 e5 9. d5 Ne7 10. f3 Nf6 11. Bc4 Ng6 12. O-O-O {0-1 (25) Horvat,L-Schultheiss,H DDR 1991}) 7. Bh4 $1 Bh6 8. f4 {White is better.} f5 (8... e5 $16 {was called for.} 9. dxe5 Ngxe5) 9. h3 $18 Nf6 10. d5 Ne5 11. Qf2 Nf7 12. exf5 c6 13. fxg6 hxg6 14. Bxf6 exf6 15. Bd3 Qb6 16. Nge2 Qxf2+ 17. Kxf2 f5 18. g4 $36 {[%mdl 2048] White has strong initiative.} Bd7 19. g5 Bg7 20. h4 O-O-O 21. h5 gxh5 22. Ng3 Rdf8 23. Rxh5 ({Stronger than} 23. Nxf5 Bxf5 24. Bxf5+ Kb8 $11) 23... Bd4+ (23... Ne5 $16) 24. Kg2 Rxh5 25. Nxh5 Nh8 26. Ne2 Bb6 27. Nf6 Ng6 28. Rh1 Ne7 29. Rh7 Kd8 30. Nxd7 Kxd7 31. Ng3 Kd8 32. dxc6 bxc6 33. Kf3 d5 34. Rh6 Bc7 35. Rh7 $2 (35. g6 $18) 35... d4 $2 {[%mdl 8192]} (35... Bb6 $11 {and Black is okay.} 36. c3 Ke8) 36. Rxe7 Kxe7 37. Nxf5+ {[%mdl 4160] [#] Endgame Double Attack. KRB-KBN} Ke8 38. Kg4 c5 $2 (38... Rh8 39. Nxd4 Kd7) 39. Bc4 Bd8 40. Bd5 a5 41. b3 {White is clearly winning.} Bc7 42. Bc4 Bd8 43. Nh4 Rh8 44. f5 Kd7 45. f6 Kd6 46. Nf5+ Ke5 47. f7 {Accuracy: White = 82%, Black = 38%.} 1-0

[Event "FIDE Chesscom Grand Swiss 2019"]
[Site "Douglas-Isle of Man"]
[Date "2019.10.18"]
[Round "8.17"]
[White "Mamedov, Rauf"]
[Black "Vidit, Santosh Gujrathi"]
[Result "1/2-1/2"]
[WhiteElo "2645"]
[BlackElo "2718"]
[Annotator "TA"]
[PlyCount "102"]
[EventDate "2019.10.10"]
[EventType "swiss"]
[EventCountry "GBR"]
[SourceTitle "playchess.com"]
[Source "ChessBase"]
[SourceQuality "1"]

{[%evp 9,102,0,8,0,0,-1,11,0,27,20,20,15,24,27,19,24,18,4,16,12,24,17,20,0,7,-13,-11,-10,0,-17,-12,-16,-10,-10,-1,-20,0,0,0,0,0,0,0,0,7,0,0,0,0,0,0,0,0,0,0,0,0,0,0,0,8,0,0,0,0,0,0,0,7,0,0,0,0,0,0,0,0,0,0,0,0,0,0,0,0,0,0,0,0,0,0,0,0,0,0]} 1. e4 e5 2. Nf3 Nc6 3. Nc3 Nf6 4. Bb5 Nd4 5. O-O c6 6. Bd3 {C48: Four Knights: 4 Bb5, replies other than 4...Bb4} Nxf3+ 7. Qxf3 d6 8. Be2 Bg4 $146 ({Predecessor:} 8... Be7 9. d3 O-O 10. Qg3 Be6 11. Kh1 Kh8 12. f4 exf4 13. Bxf4 {½-½ (32) Andreikin,D (2705)-Grischuk,A (2785) Antalya 2017}) 9. Qe3 Qb6 10. Qxb6 axb6 11. Bxg4 Nxg4 12. a4 b5 13. b3 Nf6 14. d3 Be7 15. Bd2 bxa4 {The position is equal.} 16. Nxa4 Nd7 17. c4 O-O 18. b4 f5 19. Rfb1 g6 20. f3 Kf7 21. Kf1 Ke6 22. Ke2 h5 23. Ra2 Nb6 (23... g5 {is more complex.} 24. exf5+ Kxf5 25. Rba1 g4 26. Nc3 gxf3+ 27. gxf3 Rxa2 28. Rxa2 Ke6) 24. Rba1 Rxa4 25. Rxa4 Nxa4 26. Rxa4 $11 {[%mdl 4096] Endgame KRB-KRB} Rd8 27. Be3 Rb8 28. Bb6 (28. Ra7 {is interesting.} fxe4 29. fxe4 d5 30. Bd2 d4 31. h3) 28... Bd8 29. Bxd8 Rxd8 {KR-KR} 30. Ra7 Rb8 31. c5 d5 32. h4 fxe4 33. dxe4 dxe4 34. fxe4 Kd7 35. Ra3 Rf8 36. Rg3 Rf4 37. Ke3 Rf6 38. Rg5 Re6 39. Ke2 Ke7 40. Rg3 Rf6 41. Ke3 Kf7 42. Rh3 Rf1 43. Rf3+ Rxf3+ 44. Kxf3 {KP-KP} g5 45. Kg3 ({Not} 45. hxg5 $2 Kg6 $19) 45... Kf6 46. Kh3 Kg6 47. hxg5 Kxg5 {[#] Strongly threatening ...Kf4.} 48. g3 $1 Kg6 $1 {[%cal Rg6g5] ...Kg5 is the strong threat.} 49. Kh4 {Hoping for g4.} Kh6 50. g4 hxg4 51. Kxg4 {[#] Threatens to win with Kf5.} Kg6 {Accuracy: White = 61%, Black = 71%.} 1/2-1/2

[Event "FIDE Chesscom Grand Swiss 2019"]
[Site "Douglas-Isle of Man"]
[Date "2019.10.18"]
[Round "8.17"]
[White "Kuzubov, Yuriy"]
[Black "Erdos, Viktor"]
[Result "1/2-1/2"]
[WhiteElo "2636"]
[BlackElo "2604"]
[Annotator "TA"]
[PlyCount "85"]
[EventDate "2019.10.10"]
[EventType "swiss"]
[EventCountry "GBR"]
[SourceTitle "playchess.com"]
[Source "ChessBase"]
[SourceQuality "1"]

{[%evp 10,85,33,25,23,16,24,22,35,28,34,22,22,31,36,20,48,42,39,43,56,33,34,34,25,-6,-14,-33,0,-29,-41,-14,-33,-106,-104,-120,-96,-101,-77,-167,-153,-159,-147,-201,-174,-155,-62,-51,-32,-99,-103,-107,0,0,0,-23,0,-71,-76,-89,-52,-50,-58,-70,-75,-96,-97,-85,-51,-36,-8,-8,0,0,0,0,0,0]} 1. d4 d5 2. c4 dxc4 3. Nf3 a6 4. e3 b5 5. a4 Bb7 6. b3 e6 {D22: Queen's Gambit Accepted: 3 Nf3 a6 4 e3} 7. bxc4 bxc4 8. Bxc4 Nf6 (8... c5 9. O-O Nf6 10. Nbd2 Nbd7 11. Rb1 Qc7 12. Bb2 cxd4 13. Bxd4 Bc5 14. Qe2 {½-½ (14) Cheparinov,I (2695)-Ivanchuk,V (2727) Mali Losinj 2017}) 9. Nbd2 c5 10. Rb1 Qc7 11. Bb2 Be7 12. O-O Nbd7 13. Qe2 $146 ({Predecessor:} 13. Qc2 O-O 14. Rfc1 {1-0 (30) Pjevovic,B (2265)-Bakic,R (2403) Belgrade 2005}) 13... O-O 14. Rfc1 Bc6 15. e4 Bxa4 16. e5 Nd5 17. Ne4 (17. Bxd5 $5 exd5 18. e6 $11) 17... N7b6 18. Nxc5 Bxc5 19. Bd3 {Qe4 is the strong threat.} Nf4 20. Bxh7+ Kxh7 (20... Kh8 $2 21. Qd2 $18) 21. Ng5+ ({Better is} 21. Qe4+ $15 Ng6 22. Rxc5 (22. dxc5 $2 Bc6 $19)) 21... Kg8 $1 $17 22. Qg4 {[#]} f6 $1 {[%cal Rf6g5]} 23. exf6 Nbd5 24. fxg7 (24. dxc5 $17 e5 25. f7+ Rxf7 26. Qh4) 24... Qxg7 $19 25. dxc5 e5 26. Re1 (26. c6 $17) 26... Bd7 27. Qg3 Rf5 (27... Rab8 $17 {And now ...Bf5 would win.} 28. Nf3 Qxg3 29. hxg3 Bf5 30. gxf4 Bxb1 31. Bxe5 Rb5) 28. h4 $15 Bc6 29. Rbd1 ({White should try} 29. Ra1 $1 $15) 29... Re8 $17 30. Ne4 {[#]} Re6 (30... Qxg3 $1 $17 31. Nxg3 Rf7) 31. Qxg7+ $11 Kxg7 32. Ng3 Rf7 {Hoping for ...Nxg2!} 33. Rxe5 (33. Ne4 $1 $11) 33... Rxe5 $17 34. Bxe5+ Kg6 {Strongly threatening ...Nxg2!} 35. Ra1 Nd3 36. Bd4 Rf4 37. h5+ Kg5 38. Bg7 N5b4 ({Not} 38... Nxc5 $2 39. Rc1 $18) 39. f3 Rf7 ({But not} 39... Nxc5 $6 40. Bc3 $16) 40. Bc3 {The position is equal.} Rd7 41. Bd2+ Kf6 $1 42. Bc3+ Kg5 43. Bd2+ {Accuracy: White = 55%, Black = 60%.} 1/2-1/2

[Event "FIDE Chesscom Grand Swiss 2019"]
[Site "Douglas-Isle of Man"]
[Date "2019.10.18"]
[Round "8.18"]
[White "Matlakov, Maxim"]
[Black "Najer, Evgeniy"]
[Result "1-0"]
[WhiteElo "2716"]
[BlackElo "2635"]
[Annotator "TA"]
[PlyCount "41"]
[EventDate "2019.10.10"]
[EventType "swiss"]
[EventCountry "GBR"]
[SourceTitle "playchess.com"]
[Source "ChessBase"]
[SourceQuality "1"]

{[%evp 13,49,10,20,-54,9,9,41,-24,-31,-35,15,10,8,0,0,0,9,0,57,0,0,0,81,-46,55,28,22,33,274,267,342,352,661,667,667,667,647,641]} 1. d4 d5 2. c4 c6 3. Nf3 Nf6 4. Nc3 e6 5. Qd3 dxc4 6. Qxc4 b5 7. Qd3 a6 8. g4 {D43: Semi-Slav: 5 Bg5 h6} (8. e4 $11) 8... Bb7 $146 (8... Nxg4 $15 9. Bg2 Bb7) ({Predecessor:} 8... c5 9. g5 c4 10. Qb1 Nd5 11. e4 Nb6 12. Be3 Bb7 13. Bg2 N8d7 14. a3 b4 15. axb4 Bxb4 {1-0 (23) Berkes,F (2654)-Froewis,G (2432) Minsk 2017}) 9. g5 $1 $11 {[%cal Rg5f6]} Nh5 10. Bh3 (10. Bg2 $14) 10... c5 {...cxd4 is the strong threat.} 11. Bg4 g6 12. Bxh5 gxh5 13. Ne4 $36 {[%mdl 2048] Threatening Nf6+. White has the initiative.} c4 14. Qe3 Be7 15. Bd2 Nc6 (15... Bxe4 $11 16. Qxe4 Qd5 17. Qxd5 exd5) 16. O-O-O ({Better is} 16. Nf6+ $14 Bxf6 17. gxf6) 16... Qd5 $1 17. Nc3 Qf5 {[#]} (17... Qd7 $11 {keeps the balance.}) 18. d5 (18. Nh4 $1 $16 {[%cal Rh4f5]} Qg4 {[%mdl 64] Double Attack} 19. Nf3) 18... Nb4 (18... exd5 $15 19. Qb6 Rb8) 19. Nd4 $1 $14 {[%csl LRe6,LRf5][%mdl 64] Double Attack} Qg6 {And now ...Bc5 would win.} 20. f4 {Hoping for Qe5.} Rg8 $2 {[#]} ({Don't blunder} 20... Bxd5 $2 21. Rhg1 $18) (20... Nxd5 $14 21. Nxd5 Bxd5) 21. dxe6 {Played: f4-f5} 1-0

[Event "FIDE Chesscom Grand Swiss 2019"]
[Site "Douglas-Isle of Man"]
[Date "2019.10.18"]
[Round "8.18"]
[White "Harika, Dronavalli"]
[Black "Moiseenko, Alexander"]
[Result "0-1"]
[WhiteElo "2495"]
[BlackElo "2635"]
[Annotator "TA"]
[PlyCount "108"]
[EventDate "2019.10.10"]
[EventType "swiss"]
[EventCountry "GBR"]
[SourceTitle "playchess.com"]
[Source "ChessBase"]
[SourceQuality "1"]

{[%evp 20,108,37,27,31,24,45,37,35,29,29,19,20,20,23,22,21,11,12,13,18,15,16,13,13,5,10,6,10,6,6,7,9,0,6,0,0,0,0,0,0,-108,-97,-100,-93,-104,-87,-100,-69,-108,-108,-278,-334,-430,-424,-441,-420,-402,-400,-357,-339,-1340,-1308,-1393,-1381,-1395,-1336,-879,-1336,-1093,-1087,-2279,-1922,-4965,-3498,-5026,-3443,-1018,-605,-2536,-2330,-12222,-10595,-7031,-1158,-29978,-29979,-29980,-29981,-29981,-29981]} 1. Nf3 Nf6 2. c4 e6 3. Nc3 d5 4. d4 Bb4 5. e3 O-O 6. Bd2 c5 7. a3 Bxc3 8. Bxc3 Ne4 9. Rc1 Nxc3 10. Rxc3 cxd4 11. Nxd4 a6 {E51: Nimzo-Indian: Rubinstein: 4...0-0 5 Nf3 d5} 12. Nb3 $146 ({Predecessor:} 12. Nf3 dxc4 13. Bxc4 Qxd1+ 14. Kxd1 Rd8+ 15. Rd3 Rxd3+ 16. Bxd3 Nc6 17. Ke2 Bd7 18. Rd1 Be8 19. Ng5 {0-1 (119) Gajewski,G (2633)-Tomczak,J (2603) Poznan 2016}) 12... dxc4 13. Qxd8 Rxd8 {White is slightly better.} 14. Bxc4 b6 15. f3 Bb7 16. Kf2 Nd7 17. Rhc1 Rac8 18. Be2 Rxc3 19. Rxc3 Rc8 20. Rxc8+ Bxc8 $11 {[%mdl 4096] Endgame KBN-KBN} 21. e4 Kf8 22. Ke3 Ke7 23. f4 f6 24. Nd2 e5 25. g3 b5 26. Bg4 Nb6 27. Bxc8 Nxc8 {KN-KN} 28. Kd3 Kd6 29. Kc3 Ne7 30. a4 (30. fxe5+ $11 fxe5 31. g4) 30... exf4 $17 ({Much worse is} 30... bxa4 $6 31. Nc4+ Kc5 32. fxe5 $11) 31. gxf4 bxa4 32. Kb4 Nc6+ $1 33. Kxa4 g5 $1 34. fxg5 fxg5 35. Kb3 $2 (35. b4 $17) 35... Ke5 $19 36. Kc4 g4 $1 37. Kd3 {[#]} Kf4 $1 38. Ke2 Nd4+ 39. Kf2 h5 40. Nf1 $2 (40. e5 Kxe5 41. Ke3) 40... Nf3 41. Ng3 h4 42. Ne2+ Kxe4 43. Nc3+ Kf4 (43... Kf5 $142 44. h3 a5 45. hxg4+ Kxg4) 44. Ne2+ Kg5 45. h3 Ne5 46. hxg4 Kxg4 47. b3 Nd3+ 48. Kg1 Kf3 49. Nd4+ Ke4 50. Nc2 Nc1 51. b4 Kd3 52. Na3 {[#]} Ne2+ $1 {Black mates.} 53. Kh2 Nd4 54. Kh3 Nb5 {Accuracy: White = 37%, Black = 98%.} 0-1

[Event "FIDE Chesscom Grand Swiss 2019"]
[Site "Douglas-Isle of Man"]
[Date "2019.10.18"]
[Round "8.19"]
[White "Sarana, Alexey"]
[Black "Le, Quang Liem"]
[Result "0-1"]
[WhiteElo "2655"]
[BlackElo "2708"]
[Annotator "TA"]
[PlyCount "132"]
[EventDate "2019.10.10"]
[EventType "swiss"]
[EventCountry "GBR"]
[SourceTitle "playchess.com"]
[Source "ChessBase"]
[SourceQuality "1"]

{[%evp 9,132,12,23,23,28,33,51,33,45,46,56,43,53,0,22,22,50,45,52,0,0,9,8,-12,-14,0,-22,-75,-75,-77,-59,-70,-91,-75,-40,-39,-40,-64,-62,-62,-68,-87,-88,-89,-75,-77,-77,-74,-76,-75,-75,-75,-75,-75,-75,-75,-75,-75,-75,-78,-74,-90,-90,-96,-70,-89,-85,-96,-96,-97,-103,-117,-103,-189,-179,-206,-200,-212,-224,-224,-208,-208,-222,-211,-187,-176,-8,-8,0,0,0,-8,-8,-22,-22,-30,-77,-29955,-29958,-4602,-29956,-29969,-29971,-29970,-29973,-29973,-29974,-29974,-29975,-29970,-29976,-29976,-29977,-29977,-29978,-29976,-29979,-29979,-29980,-29979,-29981,-29981,-29982,-29984,-29985]} 1. d4 Nf6 2. c4 e6 3. Nf3 b6 4. g3 Bb7 5. Bg2 g6 6. Nc3 {E16: Queen's Indian: 4 g3 Bb7 5 Bg2 Bb4+} Bg7 7. d5 O-O 8. O-O {White is slightly better.} exd5 9. cxd5 Re8 10. Nd4 (10. Bf4 Na6 11. Rc1 Ne4 12. Nxe4 Rxe4 13. d6 c6 14. Qd2 Qf6 15. b3 Rae8 {0-1 (56) Wang,Y (2684)-Mamedyarov,S (2817) chess.com INT 2019}) 10... Na6 11. Qc2 (11. Bf4 $14) 11... Nb4 12. Qb3 a5 13. Rd1 d6 $146 ({Predecessor:} 13... Ng4) 14. Qc4 ({White should play} 14. Rb1 $14) 14... Nd7 $11 15. Ncb5 Ba6 $1 {And now ...Bxd4 would win.} 16. e3 Bxd4 17. exd4 Nf6 18. a3 (18. Bg5 $11) 18... Qd7 $1 $17 19. axb4 {Threatens to win with Bf1.} Bxb5 20. Qb3 a4 21. Qf3 Qg4 22. Qxg4 Nxg4 23. h3 Nf6 24. Bg5 Ne4 25. Bxe4 Rxe4 26. Rac1 Re2 (26... f6 {with more complications.} 27. Be3 Re7 28. Rc3 Be8 29. Rdc1 Ra7) 27. Rd2 Rxd2 28. Bxd2 {[%mdl 4096] Endgame KRB-KRB} Rc8 29. Bf4 Ba6 30. b5 Bb7 31. Rc4 Bxd5 32. Rxa4 f6 33. g4 Kf7 34. Ra3 Ke6 35. Bd2 Bc4 36. Re3+ Kf7 37. Rc3 Bxb5 38. f3 Ke6 39. Kf2 Kd5 40. Re3 Kxd4 41. Re7 (41. Bc3+ $17 {keeps fighting.} Kc4 42. Re4+ Kd3 43. Bxf6) 41... Kd3 $19 42. Bc3 d5 43. Bxf6 d4 44. Rxh7 c5 45. Rb7 Rc6 $1 {[%cal Rc6f6]} 46. Bd8 Kc2 {...d3 is the strong threat.} 47. Bxb6 {[#]} Be2 $1 {[%mdl 512]} 48. Bxc5 $1 $11 ({But not} 48. Kxe2 $2 d3+ 49. Kf2 d2 $19) 48... Rxc5 49. Kxe2 {KR-KR} d3+ 50. Ke3 d2 51. Rd7 Re5+ 52. Kf4 Rb5 {White must now prevent ...g5+.} 53. h4 $2 {[%mdl 8192]} (53. Ke3 $17 Re5+ 54. Kf4) 53... d1=Q 54. Rxd1 Kxd1 55. h5 {Black mates.} gxh5 56. gxh5 Rxh5 {KR-KPP} 57. Ke4 Ke2 58. f4 Kf2 $1 {[%cal Rf2g3]} 59. b4 {[#]} Kg3 $1 60. f5 {[#]} Kg4 $1 61. f6 Rf5 62. f7 Rxf7 63. Kd5 Rf6 64. b5 Kf5 65. Kc5 Ke6 66. Kc6 Rf1 {Accuracy: White = 59%, Black = 80%.} 0-1

[Event "FIDE Chesscom Grand Swiss 2019"]
[Site "Douglas-Isle of Man"]
[Date "2019.10.18"]
[Round "8.19"]
[White "Mareco, Sandro"]
[Black "Keymer, Vincent"]
[Result "1-0"]
[WhiteElo "2634"]
[BlackElo "2506"]
[Annotator "TA"]
[PlyCount "89"]
[EventDate "2019.10.10"]
[EventType "swiss"]
[EventCountry "GBR"]
[SourceTitle "playchess.com"]
[Source "ChessBase"]
[SourceQuality "1"]

{[%evp 12,89,11,22,33,18,33,24,23,23,20,23,27,18,39,19,69,35,61,18,28,-28,0,0,0,0,0,-56,0,0,0,0,-4,-97,36,55,54,58,112,-20,18,26,214,262,157,214,137,154,735,710,633,163,160,151,474,469,467,459,459,154,426,425,411,284,453,440,530,544,519,525,503,338,942,1000,12820,6187,5277,2230,2353,1688]} 1. e4 c5 2. Nf3 d6 3. d4 cxd4 4. Nxd4 Nf6 5. Nc3 a6 6. h3 e6 7. g4 Nfd7 $146 {B81: Sicilian Scheveningen: Keres Attack} (7... h6 8. Bg2 Be7 9. Qd3 Nc6 10. Nxc6 bxc6 11. e5 Nd5 12. exd6 Bxd6 13. Ne4 Bc7 14. c4 Nf4 15. Qxd8+ Kxd8 16. Kf1 {½-½ (45) Nepomniachtchi,I (2775)-Wojtaszek,R (2737) Dortmund 2019}) ({Predecessor:} 7... Be7 8. g5 Nfd7 9. h4 b5 10. a3 Bb7 {0-1 (35) Kokarev,D (2604)-Vorobiov,E (2557) St Petersburg 2018}) 8. Be3 Be7 9. g5 b5 {White has an edge.} 10. a3 Bb7 11. h4 Nc6 12. Qd2 O-O 13. O-O-O Nc5 14. f3 $1 Rb8 15. Kb1 Qc7 16. Rh3 (16. Rg1 $142) 16... b4 17. axb4 Nxb4 18. h5 Bc8 19. Qh2 (19. Rh1 $11) 19... Nc6 (19... Bd7 $1 $15 20. Qg2 Qa5) 20. Nxc6 $11 Qxc6 21. Bc1 Bd7 22. f4 (22. e5 $11 {remains equal.} d5 23. f4) 22... Rfc8 (22... Nxe4 23. Nxe4 Qxe4 24. Re3 $15) ({Black should play} 22... Rb4 $1 $17) 23. g6 $14 Nxe4 24. gxf7+ Kf8 ({Black should try} 24... Kxf7 $14 25. Nxe4 Qxe4) 25. Rdd3 (25. Nxe4 $16 Qxe4 26. Bd3 (26. Bxa6 Rc7 $11)) 25... Nxc3+ 26. Rxc3 Qxc3 $2 (26... Qb6 $11 {and Black is okay.}) 27. Rxc3 $18 Rxc3 28. h6 {Qg1 is the strong threat.} g6 29. f5 $1 {[%cal Rf5g6]} Rf3 $2 {[#]} (29... exf5 $16 30. Bf4 Rc6) 30. fxg6 $1 Rxf1 31. Qh5 $2 (31. gxh7 Rxc1+ 32. Kxc1 Bg5+ 33. Kd1) 31... Bf6 {( -> ...Rxb2+)} ({Wrong is} 31... hxg6 $2 32. Qxg6 Rxf7 33. h7 $18) 32. g7+ {[#]} Ke7 $2 {[#]} (32... Bxg7 $1 $16 {is a better chance.} 33. hxg7+ {[%mdl 64] Discovered Attack} Kxg7) 33. c3 $1 {[%mdl 512]} Rg1 (33... Bxc3 34. f8=Q+) 34. f8=Q+ Rxf8 35. gxf8=Q+ Kxf8 36. Qh2 $1 {[%csl LRd6,LRg1][%mdl 64] Double Attack} Rd1 37. Qc2 Rd5 (37... Rg1 $142 38. Qh2 (38. Qxh7 Bc6 $18) 38... Rd1) 38. Qxh7 Bb5 {aiming for ...Bd3+.} 39. Qc7 Bd3+ 40. Ka2 Be7 41. b3 Re5 $2 (41... Rh5 42. Qc6 Bg6) 42. Bf4 {White is clearly winning.} Rd5 43. c4 Rc5 44. Qb6 e5 {[#]} 45. Bg5 $1 {[%mdl 512] Accuracy: White = 60%, Black = 33%.} 1-0

[Event "FIDE Chesscom Grand Swiss 2019"]
[Site "Douglas-Isle of Man"]
[Date "2019.10.18"]
[Round "8.20"]
[White "Xiong, Jeffery"]
[Black "Papaioannou, Ioannis"]
[Result "1-0"]
[WhiteElo "2708"]
[BlackElo "2645"]
[Annotator "TA"]
[PlyCount "67"]
[EventDate "2019.10.10"]
[EventType "swiss"]
[EventCountry "GBR"]
[SourceTitle "playchess.com"]
[Source "ChessBase"]
[SourceQuality "1"]

{[%evp 10,67,22,24,32,25,29,14,22,5,16,11,12,0,11,0,28,20,58,29,37,29,86,40,69,59,70,55,77,55,108,112,112,118,109,94,99,96,109,102,105,105,108,104,103,103,108,107,106,87,88,99,114,100,208,209,218,214,322,322]} 1. d4 Nf6 2. c4 e6 3. Nf3 Bb4+ 4. Nbd2 d6 5. e3 O-O 6. Be2 Bxd2+ {E11: Bogo-Indian} (6... c5 7. O-O Nc6 8. Nb3 Na5 9. Nfd2 e5 10. d5 Nxb3 11. Nxb3 a6 12. a3 Ba5 13. Nxa5 Qxa5 14. b4 {1-0 (52) Najer,E (2627)-Turov,M (2583) Dagomys 2008}) 7. Qxd2 Qe7 8. O-O e5 {The position is equal.} 9. b4 $146 ({Predecessor:} 9. b3 e4 10. Ne1 Bf5 11. Nc2 Nbd7 12. Bb2 c6 13. Qb4 b6 14. Qa4 {1-0 (38) Amanov,M (2518)-Shetty,A (2219) Wheeling 2012}) 9... e4 10. Ne1 $1 d5 11. b5 Rd8 12. a4 $36 {[%mdl 2048] White has good play.} Bg4 13. Ba3 Qe6 14. cxd5 Nxd5 15. Bc4 Nd7 (15... Qe8 $11) 16. Nc2 N7f6 17. Rfc1 Qf5 18. Nb4 {Threatens to win with Nxd5.} Qg5 19. Kh1 Qh6 (19... Be6 $14) 20. Nxd5 $16 Nxd5 21. Qc2 Qe6 22. Bxd5 Qxd5 23. Qxc7 b6 24. h3 Be6 25. Qg3 Rdc8 26. Bd6 {Be5 is the strong threat.} f6 27. Bc7 Bd7 28. Rab1 Re8 29. Qd6 Qxd6 30. Bxd6 Be6 31. a5 Rec8 {[#]} (31... bxa5 $16 32. Ra1 Red8) 32. axb6 $1 $18 axb6 33. Rc6 Ra2 (33... Kf7 {is a better defense.} 34. Rxb6 Bd5) 34. Bg3 {Accuracy: White = 77%, Black = 38%.} ({Don't take} 34. Rxb6 Bd5 $18) 1-0

[Event "FIDE Chesscom Grand Swiss 2019"]
[Site "Douglas-Isle of Man"]
[Date "2019.10.18"]
[Round "8.20"]
[White "Bjerre, Jonas Buhl"]
[Black "Demchenko, Anton"]
[Result "1/2-1/2"]
[WhiteElo "2506"]
[BlackElo "2655"]
[Annotator "TA"]
[PlyCount "97"]
[EventDate "2019.10.10"]
[EventType "swiss"]
[EventCountry "GBR"]
[SourceTitle "playchess.com"]
[Source "ChessBase"]
[SourceQuality "1"]

{[%evp 17,97,17,22,17,18,15,35,11,19,25,34,0,0,0,0,0,0,0,9,9,10,17,22,0,0,0,18,20,46,45,46,46,46,53,53,53,53,53,53,53,53,53,53,53,53,53,53,53,53,53,53,53,53,53,53,53,53,53,53,53,53,53,53,53,53,0,53,0,53,0,53,46,46,45,45,45,46,46,46,45,45,45]} 1. d4 Nf6 2. c4 g6 3. Nc3 Bg7 4. e4 O-O 5. Nf3 d6 6. Be2 e5 7. O-O Nc6 8. dxe5 Nxe5 9. Nxe5 dxe5 10. Qa4 {E97: King's Indian: Classical Main Line (6...e5 7 0-0 Nc6): 8 Be3 and 8 d5 Ne7, not 9 Ne1} (10. Qxd8 Rxd8 11. Be3 c6 12. Rfd1 Re8 13. f3 Bf8 14. Na4 b6 15. b3 Be6 16. Nb2 Nd7 17. Nd3 f6 18. Rac1 Nc5 19. Nxc5 Bxc5 20. Bxc5 bxc5 {½-½ (35) Wojtaszek,R (2736)-Duda,J (2717) Katowice 2017}) 10... c6 11. Rd1 Qe7 12. b4 $146 ({Predecessor:} 12. b3 Rd8 13. Ba3 Rxd1+ 14. Rxd1 Qe8 15. Bd6 b6 16. c5 b5 17. Qa5 Bg4 18. Bxg4 {1-0 (18) Bischof,G-Keinholz,J DESC email 2006}) 12... Be6 13. b5 cxb5 14. cxb5 {Threatening Ba3.} Rfc8 15. Ba3 Qe8 16. Nd5 Nxd5 17. exd5 Bd7 18. Qb3 a6 19. bxa6 bxa6 {[#] White must now prevent ...e4.} 20. Rdc1 e4 21. Rab1 Bd4 22. Rxc8 Rxc8 23. Bxa6 e3 24. Bxc8 exf2+ 25. Kf1 Qxc8 26. Qb8 {[#] Hoping for Qxc8+.} Kg7 $1 {[%cal Rc8c4]} 27. Qxc8 Bxc8 28. Rb2 $1 Bxb2 29. Bxb2+ $14 {[%mdl 4096] Endgame KB-KB} f6 30. Kxf2 Bb7 31. d6 {d7 would kill now.} Kf7 32. a4 {[%cal Ba2a4,Ba4a5][%mdl 32]} Ke6 33. Ba3 h5 34. g3 Kd7 35. Ke3 Bc6 36. a5 Bb5 37. Kd4 Kc6 38. Ke4 Ba6 39. Kf4 Bc8 40. Ke3 Ba6 41. Kd4 (41. Bb4 $14) 41... Bc8 (41... Bb5 $1 $11) 42. Ke4 Ba6 43. Kf4 Bc8 $1 44. h4 {White is slightly better.} Ba6 45. Bb2 Kxd6 46. Bxf6 Kc6 47. Kg5 Bd3 48. Bd8 Kb5 49. Bc7 {Accuracy: White = 67%, Black = 77%.} 1/2-1/2